| 000 | 02099cam a22004934i 4500 | ||
|---|---|---|---|
| 003 | PE-LiUPU | ||
| 005 | 20250731172835.0 | ||
| 008 | 150827s2011 miua rb 001 0 eng d | ||
| 020 |
_a0802829597 _q(pbk. : alk. paper) |
||
| 020 |
_a9780802829597 _q(pbk. : alk. paper) |
||
| 035 | _a(Sirsi) i9780802829597 | ||
| 040 |
_aDLC _bspa _cDLC _dYDX _dKAT _dYDXCP _dCDX _dDEBBG _dDLC _dPE-LiUPU _erda |
||
| 049 | _aPRUA | ||
| 050 | 0 | 0 |
_aBL2350.I7 _bS36 2011 |
| 082 | 0 | 4 |
_a299.21 _bS31 _222 |
| 100 | 1 |
_aSchneider, Tammi J. _q(Tammi Joy), _d1962- , _eautor. |
|
| 245 | 1 | 3 |
_aAn introduction to ancient Mesopotamian religion / _cTammi J. Schneider. |
| 264 | 1 |
_aGrand Rapids, Mich. : _bW.B. Eerdmans Pub. Co., _c2011. |
|
| 300 |
_ax, 146 páginas : _bilustraciones ; _c23 centímetros |
||
| 336 |
_atext _2rdacontent |
||
| 337 |
_aunmediated _2rdamedia |
||
| 338 |
_avolume _2rdacarrier |
||
| 504 | _aIncluye referencias bibliográficas páginas 131-140) e índice. | ||
| 505 | 0 | _aIntroduction -- Tools for the study of ancient Mesopotamian religion -- History of Mesopotamia -- Myths -- The gods -- The temples -- Religious personnel -- Religious texts -- Rituals -- Kingship, religion, and the gods -- Conclusions. | |
| 526 | _aSEG42 | ||
| 526 | _aSEG41 | ||
| 526 | _aSEG40 | ||
| 526 | _aSEG39 | ||
| 526 | _aP94 | ||
| 526 | _aP87 | ||
| 526 | _aP86 | ||
| 526 | _aP85 | ||
| 526 | _aP77 | ||
| 526 | _aP76 | ||
| 526 | _aP35 | ||
| 651 | 0 |
_aIraq _xReligion. |
|
| 910 |
_ardg _bjck _crdg _d20150827 |
||
| 942 |
_2ddc _cBOOK |
||
| 949 |
_aPGT 299.21 S31 _wDEWEY _c1 _i71969 _d2015-11-18 _lCCODEBUL1 _mBUL _p11.00 _q1 _r0 _sY _tBOOK _u2015-8-26 _xTEOLOGIA _PP85 _0COMPRA _o.CIRCNOTE. No olvidar cambiar la fecha de devolución!!!!!!! _o.STAFF. Posgrado |
||
| 994 |
_aC0 _bPEPRU |
||
| 596 | _a1 | ||
| 999 |
_aPGT 299.21 S31 _wDEWEY _c6951 _i71969 _d6951 _f2021-11-11 _g5 _lCCODEBUL1 _mBUL _p11.00 _q2 _r0 _sY _tBOOK _u2015-8-26 _xTEOLOGIA _PP85 _0COMPRA _o.CIRCNOTE. No olvidar cambiar la fecha de devolución!!!!!!! _o.STAFF. Posgrado |
||
| 980 |
_81 _gALBERTO SANCHEZ Responsable de Automatización |
||